000 00891nab a2200265 u 4500
001 19224
003 HDC
007 cr bn ---aaaaa
008 210228c20100102xx dr|noo 0 a eng d
040 _aHDC
100 _aRoy, Jose
_eauthor
_917730
245 0 _aPhilippines Will Adopt Aus Halal Model to Boost Meat Exports / by
_cJose Roy
260 _a[No place] :
_b[publisher not identified],
_c2010
300 _a1 online resource
336 _atext
_2rdacontent
337 _acomputer
_2rdamedia
338 _aonline resource
_2rdacarrier
650 _aglobal halal market
_92232
650 _aMeat Exports
_96096
710 _aDagangHalal.com
856 _zRequest full-text at [email protected]
942 _2lcc
942 _cNEWS
942 _kNWSO 006187
999 _c16540
_d16540